[Event "5th HD Bank Cup 2015"]
[Site "Ho Chi Minh City VIE"]
[Date "2015.03.20"]
[Round "6.25"]
[White "Tu, Hoang Thai"]
[Black "Vo, Dai Hoai Duc"]
[Result "0-1"]
[WhiteTitle "IM"]
[WhiteElo "2249"]
[BlackElo "2195"]
[WhiteFideId "12400351"]
[BlackFideId "12400033"]
[EventDate "2015.03.17"]

1. e4 c5 2. b3 e6 3. Bb2 a6 4. Nf3 Nc6 5. Qe2 Nf6 6. e5 Nd5 7. a3 f5 8. exf6
Nxf6 9. g3 Bd6 10. Bg2 O-O 11. O-O Bc7 12. d4 cxd4 13. Nxd4 Nxd4 14. Bxd4 Re8
15. Bb2 Rb8 16. Nc3 d5 17. Rad1 Bd7 18. Rfe1 b5 19. Qd2 Bc6 20. h3 Qe7 21. f4
Bd6 22. Kh2 b4 23. axb4 Bxb4 24. Qd4 Bc5 25. Qe5 Bd6 26. Qg5 Qf7 27. Ne2 Be7 28.
Qe5 Ne4 29. Bxe4 dxe4 30. Qc3 Rec8 31. Qe3 Bb4 32. Bc3 a5 33. Bxb4 axb4 34. Nd4
Bd5 35. Rd2 Rc3 36. Qf2 Rbc8 37. Re3 Rxe3 38. Qxe3 Rc3 39. Qe1 Qb7 40. Ne2 e3
41. Nxc3 exd2 42. Qxd2 bxc3 43. Qxc3 Qa6 44. g4 Qe2+ 45. Kg3 Qg2+ 46. Kh4 Qf2+
47. Kh5 Qxf4 48. Qc8+ Qf8 49. Qxf8+ Kxf8 50. Kg5 0-1

[Event "5th HD Bank Cup 2015"]
[Site "Ho Chi Minh City VIE"]
[Date "2015.03.20"]
[Round "6.26"]
[White "Pham, Xuan Dat"]
[Black "Wynn Zaw Htun"]
[Result "0-1"]
[BlackTitle "IM"]
[WhiteElo "2189"]
[BlackElo "2382"]
[WhiteFideId "12401307"]
[BlackFideId "13002783"]
[EventDate "2015.03.17"]

1. d4 Nf6 2. c4 e6 3. Nc3 Bb4 4. e3 b6 5. Ne2 c5 6. a3 Ba5 7. Rb1 Na6 8. Qa4 Bb7
9. f3 Bc6 10. Qc2 O-O 11. e4 d5 12. cxd5 exd5 13. e5 Ne8 14. f4 Nec7 15. Be3 f6
16. Kd1 fxe5 17. fxe5 Qc8 18. Ng3 b5 19. Bd3 g6 20. Nge2 b4 21. axb4 Nxb4 22.
Qd2 Ne6 23. Ra1 Bb6 24. Bb1 cxd4 25. Nxd4 Nxd4 26. Bxd4 Qg4+ 27. Ne2 Bb5 28.
Bxb6 axb6 29. Rxa8 Rxa8 30. h3 Qxg2 31. Re1 Ra1 32. Nc3 Qf3+ 33. Kc1 Nd3+ 34.
Kc2 Nxe1+ 35. Qxe1 Bd3+ 36. Kd2 Bxb1 37. Nxb1 Qf4+ 38. Kc3 Qc4+ 0-1

[Event "5th HD Bank Cup 2015"]
[Site "Ho Chi Minh City VIE"]
[Date "2015.03.20"]
[Round "6.27"]
[White "Tran, Quoc Dung"]
[Black "Grafil, Franz Robert"]
[Result "1-0"]
[WhiteElo "2288"]
[BlackElo "2123"]
[WhiteFideId "12400645"]
[BlackFideId "5205298"]
[EventDate "2015.03.17"]

1. d4 Nf6 2. Bg5 Ne4 3. Bf4 d5 4. Nd2 Nf6 5. e3 e6 6. c4 c5 7. Ngf3 Nc6 8. a3
cxd4 9. exd4 dxc4 10. Nxc4 Be7 11. Rc1 O-O 12. Be2 Nd5 13. Bg3 b5 14. Ncd2 Qb6
15. Nb3 b4 16. a4 Bb7 17. O-O Rfd8 18. Ne5 a5 19. Bb5 Nxe5 20. Bxe5 Rac8 21. Qe2
Bc6 22. Nxa5 Bxb5 23. Qxb5 Qxb5 24. axb5 f6 25. Bg3 Rxc1 26. Rxc1 Ra8 27. Nc4
Bd8 28. Bd6 Kf7 29. Re1 Be7 30. Bg3 Bd8 31. Kf1 Ke7 32. Ke2 Kd7 33. Kd3 Ra7 34.
Ne3 Ra2 35. Kc2 Ra5 36. Kb3 Rxb5 37. Ra1 Rb7 38. Ra6 Bb6 39. Nc2 Kc6 40. f3 Kb5
41. Ra4 Ra7 42. Rxa7 Bxa7 43. Bd6 g6 44. g3 h5 45. g4 Bb6 46. h3 Ba7 47. Bh2 Bb6
48. Bb8 Bd8 49. Bd6 Bb6 50. f4 Ba7 51. g5 f5 52. Be5 Bb6 53. Ne1 Bc7 54. Bxc7
Nxc7 55. Nd3 Nd5 56. h4 Ka5 57. Kc4 Kb6 58. b3 Ne3+ 59. Kxb4 Ng2 60. Kc4 Nxh4
61. Ne1 Kc6 62. b4 Kb6 63. b5 Kb7 64. Kc5 Kc7 65. b6+ Kb7 66. Kb5 Kb8 67. Kc6
Kc8 68. b7+ Kb8 69. Kb6 Ng2 70. Nxg2 h4 71. Nxh4 e5 72. fxe5 1-0

[Event "5th HD Bank Cup 2015"]
[Site "Ho Chi Minh City VIE"]
[Date "2015.03.20"]
[Round "6.28"]
[White "Htay Min Lwin"]
[Black "Nguyen, Phuoc Tam"]
[Result "0-1"]
[WhiteElo "2286"]
[BlackElo "2059"]
[WhiteFideId "13001795"]
[BlackFideId "12402109"]
[EventDate "2015.03.17"]

1. Nf3 f5 2. d4 Nf6 3. e3 g6 4. c4 Bg7 5. Nc3 d6 6. Be2 c6 7. O-O O-O 8. b4 Kh8
9. Bb2 Be6 10. Qc2 Nbd7 11. a4 Qc7 12. Rac1 Bg8 13. Rfd1 Rad8 14. c5 d5 15. Nb1
Ne4 16. Nbd2 h6 17. Nh4 Bh7 18. Nxe4 fxe4 19. g3 g5 20. Ng2 Nf6 21. Rf1 Rf7 22.
Qd1 Rdf8 23. b5 Qd7 24. bxc6 bxc6 25. f3 exf3 26. Bxf3 Qh3 27. Qd2 Be4 28. Qe2
Bxf3 29. Rxf3 Ng4 30. Nf4 gxf4 31. gxf4 Qh4 32. Qg2 Nxe3 33. Rxe3 Rxf4 34. Bc3
Rf2 35. Qh3 Qxh3 36. Rxh3 R2f3 37. Rh4 Bf6 38. Rg4 h5 39. Rg3 Rxc3 40. Rgxc3
Bxd4+ 41. Kg2 Bxc3 42. Rxc3 e5 43. Rb3 Kg7 44. Rb7+ Rf7 45. Rb8 d4 46. Rd8 Kg6
47. Rd6+ Rf6 48. Rd7 a5 49. Kg3 Kf5 50. Kf2 e4 51. Ke2 Ke5 52. h4 d3+ 53. Ke1
Rf4 54. Rd6 Rxh4 55. Rxc6 e3 0-1

[Event "5th HD Bank Cup 2015"]
[Site "Ho Chi Minh City VIE"]
[Date "2015.03.20"]
[Round "6.29"]
[White "Vu, Quang Quyen"]
[Black "Dang, Hoang Son"]
[Result "0-1"]
[WhiteTitle "CM"]
[BlackTitle "FM"]
[WhiteElo "1940"]
[BlackElo "2237"]
[WhiteFideId "12402168"]
[BlackFideId "12402435"]
[EventDate "2015.03.17"]

1. e4 c5 2. c3 Nc6 3. d4 d5 4. e5 cxd4 5. cxd4 Qb6 6. Nc3 e6 7. Nf3 Nge7 8. Na4
Qd8 9. Bd3 Ng6 10. O-O Bd7 11. a3 Nh4 12. Be2 Nxf3+ 13. Bxf3 Rc8 14. Be3 b5 15.
Nc3 Na5 16. Qd3 Nc4 17. b3 Nxa3 18. Rfc1 b4 19. Ne2 Bb5 20. Qd2 Be7 21. Ng3 O-O
22. Bg4 Qd7 23. Nh5 Rxc1+ 24. Rxc1 Rc8 25. Bg5 Rxc1+ 26. Qxc1 Qd8 27. Bxe7 Qxe7
28. Qc8+ Be8 29. f4 Nb5 30. f5 exf5 31. Bxf5 Nxd4 32. h3 Nxb3 33. Kh1 Nd4 34.
Nf4 g6 35. Nxd5 Qxe5 36. Qd8 Kg7 37. Nc7 Bc6 38. Bd7 Qe1+ 39. Kh2 Nf3+ 0-1

[Event "5th HD Bank Cup 2015"]
[Site "Ho Chi Minh City VIE"]
[Date "2015.03.20"]
[Round "6.30"]
[White "Tran, Ngoc Lan"]
[Black "Nguyen, Ngoc Thuy Trang"]
[Result "1-0"]
[BlackTitle "WCM"]
[WhiteElo "2219"]
[BlackElo "1841"]
[WhiteFideId "12401811"]
[BlackFideId "12400688"]
[EventDate "2015.03.17"]

1. e4 e6 2. Qe2 c6 3. d4 d5 4. exd5 cxd5 5. Nf3 Nf6 6. Bf4 Be7 7. c3 O-O 8. Nbd2
Nc6 9. Ne5 Nxe5 10. Bxe5 Nd7 11. Bg3 Bf6 12. f4 Be7 13. Nf3 Bd6 14. Qd2 f5 15.
Bh4 Qc7 16. Ne5 Nf6 17. Bxf6 gxf6 18. Nd3 Kf7 19. g3 Bd7 20. Be2 b5 21. O-O Rg8
22. b4 a5 23. a3 a4 24. Nc5 Bxc5 25. bxc5 e5 26. fxe5 fxe5 27. Bh5+ Ke7 28. Qh6
Raf8 29. Qxh7+ Kd8 30. Bf7 Rg4 31. Bh5 Rgg8 32. Kh1 e4 33. Rf4 Rh8 34. Qg6 Rfg8
35. Qf6+ Kc8 36. Bf7 Rf8 37. Qa6+ Kd8 38. Bxd5 Rh3 39. Ra2 Rfh8 40. Qf6+ Kc8 41.
c6 Be8 42. Qxf5+ Kb8 43. Bxe4 Rxg3 44. Qxb5+ Kc8 45. Bf5+ Kd8 46. Qd5+ Ke7 47.
Qe6+ Kf8 48. Qf6+ Bf7 49. Qxh8+ Rg8 50. Qh6+ Rg7 51. Rg2 1-0

[Event "5th HD Bank Cup 2015"]
[Site "Ho Chi Minh City VIE"]
[Date "2015.03.20"]
[Round "6.31"]
[White "Myo Naing"]
[Black "Manaog, Stewart"]
[Result "1-0"]
[WhiteTitle "IM"]
[WhiteElo "2299"]
[BlackElo "2104"]
[WhiteFideId "13000071"]
[BlackFideId "5207410"]
[EventDate "2015.03.17"]

1. e4 c5 2. Nf3 Nf6 3. e5 Nd5 4. Nc3 e6 5. Nxd5 exd5 6. c3 Nc6 7. d4 cxd4 8.
Nxd4 Nxe5 9. Qe2 Qe7 10. Nb5 d6 11. Be3 a6 12. Nxd6+ Qxd6 13. Bd4 f6 14. f4 Bg4
15. Qe3 O-O-O 16. fxe5 fxe5 17. Bxe5 Qc6 18. Qf4 Qe6 19. Kd2 Bc5 20. h3 Bh5 21.
Qg5 Bg6 22. Be2 h5 23. Bf4 Rhe8 24. Rae1 Qb6 25. Kc1 Ba3 26. Bg4+ hxg4 27. Qxg4+
Rd7 28. Rxe8+ Bxe8 29. bxa3 Qc5 30. Kb2 Qb6+ 31. Ka1 d4 32. Bg3 dxc3 33. Qc4+
Qc6 34. Qf4 Rd2 35. Re1 Bg6 36. Qb8+ Kd7 37. Bh4 Qd5 38. Re7+ Kc6 39. Qxb7+ Kc5
40. Qb4+ Kc6 41. Qxc3+ Kb6 42. Qb4+ Kc6 43. Qb7+ Kc5 44. Rc7+ Kd6 45. Rd7+ Ke6
46. Rxd5 Rxd5 47. Qe7+ Kf5 48. Qg5+ 1-0

[Event "5th HD Bank Cup 2015"]
[Site "Ho Chi Minh City VIE"]
[Date "2015.03.20"]
[Round "6.32"]
[White "Nguyen, Truong Bao Tran"]
[Black "Tran, Manh Tien"]
[Result "0-1"]
[WhiteElo "1884"]
[BlackElo "2266"]
[WhiteFideId "12402311"]
[BlackFideId "12401897"]
[EventDate "2015.03.17"]

1. c4 Nf6 2. Nc3 e6 3. Nf3 d5 4. cxd5 exd5 5. d4 Bb4 6. Bg5 c5 7. dxc5 Nbd7 8.
e3 Qa5 9. Bxf6 Nxf6 10. Bb5+ Qxb5 11. Nd4 Qd7 12. O-O O-O 13. a3 Bxc5 14. b4 Be7
15. Qe2 b6 16. Rac1 Bb7 0-1

[Event "5th HD Bank Cup 2015"]
[Site "Ho Chi Minh City VIE"]
[Date "2015.03.20"]
[Round "6.33"]
[White "Tran, Minh Thang"]
[Black "Cho, Seongho"]
[Result "1-0"]
[WhiteTitle "CM"]
[WhiteElo "2196"]
[BlackElo "2036"]
[WhiteFideId "12401080"]
[BlackFideId "13200550"]
[EventDate "2015.03.17"]

1. d4 d5 2. Bf4 Nf6 3. e3 g6 4. c4 Bg7 5. Nc3 O-O 6. Nf3 c5 7. Be2 Nc6 8. O-O
Bf5 9. dxc5 dxc4 10. Qa4 Nd7 11. Qxc4 Qa5 12. Nd4 Qxc5 13. Nxf5 Qxf5 14. Rfd1
Nb6 15. Qb3 Na5 16. Qb4 Rac8 17. Bg3 Qc5 18. Qh4 Nac4 19. Ne4 Qb4 20. b3 Bxa1
21. Rxa1 f6 22. bxc4 Qb2 23. Re1 Rfd8 24. h3 Rc6 25. c5 Nd5 26. Bc4 Kg7 27. Rd1
e6 28. Bd6 b6 29. Rd4 bxc5 30. Bxd5 g5 31. Nxg5 Qb1+ 32. Rd1 Qxd1+ 33. Kh2 fxg5
34. Qxg5+ Kf7 35. Qe7+ Kg6 36. Qxe6+ 1-0

[Event "5th HD Bank Cup 2015"]
[Site "Ho Chi Minh City VIE"]
[Date "2015.03.20"]
[Round "6.34"]
[White "Zhou, Guijue"]
[Black "Nguyen, Tran Ngoc Thuy"]
[Result "1-0"]
[WhiteTitle "WIM"]
[BlackTitle "WFM"]
[WhiteElo "2175"]
[BlackElo "1887"]
[WhiteFideId "8602905"]
[BlackFideId "12400661"]
[EventDate "2015.03.17"]

1. e4 c6 2. d4 d5 3. exd5 cxd5 4. Bd3 Nc6 5. c3 Nf6 6. h3 e6 7. Nf3 Bd6 8. O-O
h6 9. Be3 O-O 10. Nbd2 e5 11. dxe5 Bxe5 12. Nxe5 Nxe5 13. Bc2 Be6 14. Nf3 Nc4
15. Bc5 Re8 16. b3 Nb6 17. Nd4 Rc8 18. Nxe6 fxe6 19. Bb4 Nbd7 20. Bg6 a5 21.
Bxe8 Nxe8 22. Ba3 Rxc3 23. Qd2 Rc6 24. Rac1 Nef6 25. Bb2 Ne4 26. Qd4 Qf6 27.
Rxc6 bxc6 28. Qxe4 dxe4 29. Bxf6 gxf6 30. Rd1 Ne5 31. Rd8+ Kf7 32. Ra8 Ke7 33.
Rxa5 Kd6 34. Kf1 f5 35. Ke2 f4 36. g3 Ng6 37. Rh5 Ne7 38. gxf4 Nf5 39. Rxf5 exf5
40. Kd2 h5 41. Kc3 Kd5 42. a4 1-0

[Event "5th HD Bank Cup 2015"]
[Site "Ho Chi Minh City VIE"]
[Date "2015.03.20"]
[Round "6.35"]
[White "Luong, Phuong Hanh"]
[Black "Nguyen, Huynh Tuan Hai"]
[Result "1-0"]
[WhiteElo "2175"]
[BlackElo "1881"]
[WhiteFideId "12401013"]
[BlackFideId "12402923"]
[EventDate "2015.03.17"]

1. d4 Nf6 2. Nf3 g6 3. g3 Bg7 4. Bg2 d6 5. O-O Nbd7 6. c4 O-O 7. Nc3 c6 8. e4
Qc7 9. Be3 Re8 10. Rc1 Ng4 11. Bd2 e5 12. d5 Nf8 13. h3 Nh6 14. b4 Bd7 15. c5
dxc5 16. bxc5 Qc8 17. Kh2 cxd5 18. Nxd5 Kh8 19. Qb3 Bc6 20. Qb2 Nd7 21. Bc3 f6
22. Bb4 Nf7 23. Qb3 Nd8 24. h4 b5 25. cxb6 Nxb6 26. Be7 Bxd5 27. exd5 Qd7 28. d6
Nc6 29. Rxc6 Qxc6 30. Nxe5 1-0

[Event "5th HD Bank Cup 2015"]
[Site "Ho Chi Minh City VIE"]
[Date "2015.03.20"]
[Round "6.36"]
[White "Le, Minh Tu"]
[Black "Nguyen, Minh Tuan"]
[Result "0-1"]
[WhiteTitle "FM"]
[WhiteElo "1810"]
[BlackElo "2142"]
[WhiteFideId "12404888"]
[BlackFideId "12403512"]
[EventDate "2015.03.17"]

1. d4 Nf6 2. Nf3 g6 3. Bf4 Bg7 4. e3 c5 5. c3 Qb6 6. Qb3 Qxb3 7. axb3 cxd4 8.
exd4 Nc6 9. h3 O-O 10. Bd3 d6 11. b4 e5 12. dxe5 dxe5 13. b5 exf4 14. bxc6 Re8+
15. Kf1 bxc6 16. Nbd2 Be6 17. Nd4 Rad8 18. N2f3 Bd5 19. Rxa7 c5 20. Bb5 cxd4 21.
Bxe8 dxc3 22. bxc3 Rxe8 23. Nd2 Ne4 24. Nxe4 Bxe4 25. Rc7 Be5 26. Rc5 Bd6 27.
Ra5 Bc7 28. Ra1 Bd3+ 29. Kg1 Re2 30. f3 g5 31. Kh2 g4 32. Rhd1 g3+ 33. Kh1 Bf5
34. Rd5 Bxh3 35. Rg5+ Kf8 36. Ra8+ Ke7 37. gxh3 Bb6 0-1

[Event "5th HD Bank Cup 2015"]
[Site "Ho Chi Minh City VIE"]
[Date "2015.03.20"]
[Round "6.37"]
[White "Tran, Thi Mong Thu"]
[Black "Tran, Le Dan Thuy"]
[Result "0-1"]
[BlackTitle "WFM"]
[WhiteElo "1934"]
[BlackElo "2076"]
[WhiteFideId "12403415"]
[BlackFideId "12403407"]
[EventDate "2015.03.17"]

1. e4 c6 2. d4 d5 3. e5 Bf5 4. Nf3 e6 5. c4 Nd7 6. Nc3 dxc4 7. Bxc4 Nb6 8. Be2
Ne7 9. O-O Ned5 10. Nxd5 Nxd5 11. Bd3 Bg4 12. Qb3 Qb6 13. Qxb6 Nxb6 14. Be3 Be7
15. Rac1 O-O 16. a3 Rad8 17. b4 Nd5 18. h3 Bh5 19. Rfe1 a5 20. bxa5 Bxa3 21. Ra1
Bb4 22. Reb1 Bg6 23. Bxg6 hxg6 24. a6 b5 25. a7 Ra8 26. Nd2 Rfc8 27. Kh2 Nxe3 0-1

[Event "5th HD Bank Cup 2015"]
[Site "Ho Chi Minh City VIE"]
[Date "2015.03.20"]
[Round "6.38"]
[White "Le, Minh Hoang"]
[Black "Kuich, Gero"]
[Result "1-0"]
[WhiteTitle "CM"]
[WhiteElo "2025"]
[BlackElo "1763"]
[WhiteFideId "12404683"]
[BlackFideId "1322079"]
[EventDate "2015.03.17"]

1. d4 Nf6 2. Nf3 g6 3. Bf4 d5 4. e3 Bg7 5. Be2 c5 6. c3 Nbd7 7. O-O O-O 8. dxc5
Nxc5 9. Nbd2 b6 10. Nb3 Nxb3 11. axb3 Bb7 12. Ba6 Qc8 13. Qe2 Ne4 14. b4 Rd8 15.
h3 Nd6 16. Bxd6 Rxd6 17. Bxb7 Qxb7 18. Qa6 Rd7 19. Rfd1 e6 20. Nd4 Bxd4 21. Rxd4
Qxa6 22. Rxa6 Rb7 23. b5 Rc8 24. Rda4 Rcc7 25. Kf1 Kf8 26. Ke2 Ke7 27. e4 dxe4
28. Rxe4 h5 29. Kd3 Rd7+ 30. Rd4 Rxd4+ 31. Kxd4 Rc7 32. c4 f6 33. b4 Rd7+ 34.
Ke4 Rc7 35. Kd4 Rd7+ 36. Kc3 Rc7 37. Ra2 e5 38. Rd2 Ke6 39. Rd8 f5 40. Re8+ Kf6
41. h4 e4 42. Rd8 Ke6 43. Kd4 Ke7 44. Rd5 Ke6 45. c5 Rd7 46. Rxd7 Kxd7 47. Ke5
Kc7 48. c6 Kd8 49. g3 Ke7 50. Kf4 Kd6 51. Kg5 1-0

[Event "5th HD Bank Cup 2015"]
[Site "Ho Chi Minh City VIE"]
[Date "2015.03.20"]
[Round "6.39"]
[White "Lee, Kyungseok"]
[Black "Kebbedies, Frank"]
[Result "1/2-1/2"]
[WhiteElo "1959"]
[BlackElo "1842"]
[WhiteFideId "13202154"]
[BlackFideId "24606944"]
[EventDate "2015.03.17"]

1. d4 Nf6 2. c4 e6 3. Nc3 Bb4 4. e3 O-O 5. Ne2 d5 6. a3 Bxc3+ 7. Nxc3 b6 8. cxd5
exd5 9. Bd3 c5 10. O-O Bb7 11. Ne2 Nc6 12. Bd2 Qe7 13. Rc1 Rfc8 14. f3 a5 15.
Re1 c4 16. Bb1 b5 17. e4 dxe4 18. fxe4 Qd7 19. Bg5 Ne8 20. d5 Ne5 21. Qd4 f6 22.
Bf4 Nf7 23. Ng3 Qe7 24. Nf5 Qc5 25. Qxc5 Rxc5 26. b4 axb4 27. axb4 Rc7 28. Bxc7
Nxc7 29. Re2 g6 30. Nd4 Nd6 31. Ra2 Rxa2 32. Bxa2 Nxe4 33. Nxb5 Nxb5 34. Bxc4
Nbd6 35. Ba2 f5 36. Rc7 Nf6 37. b5 Nfe8 38. Rd7 Bc8 39. Re7 Kf8 40. Rxh7 Nxb5
41. h4 Nbd6 42. Ra7 Nf7 43. Kf2 Ned6 44. Kf3 Kg7 45. Kf4 Kh6 46. g3 Kh5 47. Bb3
Kh6 48. Bd1 Kg7 49. Bf3 Kf6 50. Bg2 Kg7 51. Rc7 Kf6 52. Rc3 Kg7 53. Re3 Kf6 54.
Bf1 Kg7 55. Re1 Kf6 56. Bg2 Kg7 57. Ke3 Kf6 58. Kd4 g5 59. Kc5 f4 60. hxg5+ Kxg5
61. gxf4+ Kxf4 62. Kc6 Kg5 63. Rf1 Bf5 64. Rf2 Kf6 65. Bh3 Ke5 66. Bxf5 Nxf5 67.
Re2+ Kf6 68. Re8 Kg7 69. Kd7 Nd4 70. Re1 Nf5 71. Ke6 Nd4+ 72. Ke7 Nf5+ 73. Ke8
N5d6+ 74. Kd7 Nf5 75. Rg1+ Kf6 76. Re1 Ne5+ 77. Kc7 Nf7 78. Re2 Nd4 79. Re4 Nf5
80. Re1 Nd4 81. Re3 Nf5 82. Re6+ Kg7 83. Ra6 Kf8 84. Kd7 Kg7 85. Rb6 Kf8 86. Rb4
Kg7 87. Ke6 N5d6 88. Rb6 Ne4 89. Rb4 Neg5+ 90. Ke7 Ne5 91. Rb7 Nc4 92. d6 Nxd6
93. Kxd6+ Kf6 94. Rb4 Nf7+ 95. Kd5 Ke7 96. Rf4 Ng5 97. Rf2 Nf7 98. Rf5 Nh6 99.
Rg5 Nf7 100. Rg6 Nd8 101. Rd6 Nf7 102. Re6+ Kf8 103. Re1 Kg7 104. Ke6 Ng5+ 105.
Kf5 Nf7 106. Re7 Kf8 107. Ke6 Nh6 108. Rh7 Ng8 109. Ra7 Nh6 110. Rh7 Ng8 111.
Rf7+ Ke8 112. Ra7 Kf8 113. Rh7 Ke8 114. Rf7 Nh6 115. Ra7 Kf8 116. Rh7 1/2-1/2

[Event "5th HD Bank Cup 2015"]
[Site "Ho Chi Minh City VIE"]
[Date "2015.03.20"]
[Round "6.40"]
[White "Frost, Peter"]
[Black "Truong, Anh Kiet"]
[Result "1/2-1/2"]
[WhiteElo "1821"]
[BlackElo "1766"]
[WhiteFideId "3204634"]
[BlackFideId "12405990"]
[EventDate "2015.03.17"]

1. e4 c5 2. Nf3 d6 3. d4 cxd4 4. Nxd4 Nf6 5. Nc3 g6 6. Be2 Bg7 7. O-O O-O 8. Be3
Nc6 9. Nb3 b6 10. Qd2 Re8 11. f3 Bb7 12. Nd5 Rc8 13. c4 Ne5 14. Rac1 Qd7 15. Nd4
Ba6 16. b3 e6 17. Nxf6+ Bxf6 18. Rfd1 Red8 19. a4 Nc6 20. Nb5 Bxb5 21. axb5 Na5
22. Qa2 Ra8 23. b4 Nb7 24. c5 bxc5 25. bxc5 Qe7 26. c6 Nc5 27. Qa3 Kg7 28. Kf1
Kg8 29. Qb4 Rab8 30. Qc4 Ra8 31. g3 h5 32. Kg2 Kg7 33. Rc2 Kg8 34. Bd4 Bxd4 35.
Qxd4 e5 36. Qa1 Nb3 37. Qa6 Nd4 38. Ra2 Rdb8 39. Rc1 Qc7 40. Bc4 Kg7 41. Qa5 Rb6
42. Rb1 Kf8 43. Bd5 Kg7 44. Rab2 Kf8 45. Qa4 Kg7 46. Qc4 Kf8 47. f4 f6 48. fxe5
dxe5 49. Qc5+ Qe7 50. Qc4 Rc8 51. Qc1 Kg7 52. Ra2 Rc7 53. Bc4 Kh7 1/2-1/2

[Event "5th HD Bank Cup 2015"]
[Site "Ho Chi Minh City VIE"]
[Date "2015.03.21"]
[Round "7.2"]
[White "Dimakiling, Oliver"]
[Black "Le, Quang Liem"]
[Result "0-1"]
[WhiteTitle "IM"]
[BlackTitle "GM"]
[WhiteElo "2400"]
[BlackElo "2676"]
[WhiteFideId "5202248"]
[BlackFideId "12401137"]
[EventDate "2015.03.17"]

1. c4 f5 2. d3 e5 3. Nc3 Nf6 4. g3 g6 5. Bg2 Nc6 6. e4 d6 7. Nge2 Bg7 8. h3 O-O
9. Be3 Be6 10. Nd5 Qd7 11. Qd2 Rae8 12. O-O-O Nd8 13. Qa5 c6 14. Nxf6+ Bxf6 15.
exf5 gxf5 16. Qxa7 Nf7 17. Qb6 Ra8 18. a3 Rfb8 19. Bd2 Ra6 20. Qe3 b5 21. cxb5
Rxb5 22. Bc3 Bb3 23. d4 Bxd1 24. Rxd1 Qa7 25. f4 e4 26. Bf1 Rb8 27. Qd2 d5 28.
Bb4 Ra4 29. Kb1 Rbxb4 0-1

[Event "5th HD Bank Cup 2015"]
[Site "Ho Chi Minh City VIE"]
[Date "2015.03.21"]
[Round "7.3"]
[White "Zhang, Zhong"]
[Black "Torre, Eugenio"]
[Result "1-0"]
[WhiteTitle "GM"]
[BlackTitle "GM"]
[WhiteElo "2614"]
[BlackElo "2449"]
[WhiteFideId "8600694"]
[BlackFideId "5200016"]
[EventDate "2015.03.17"]

1. e4 d6 2. d4 Nf6 3. Nc3 g6 4. Bg5 c6 5. f4 Na6 6. Qd2 Nc7 7. Bd3 Ne6 8. Bxf6
exf6 9. Nge2 Bg7 10. f5 Nc7 11. O-O O-O 12. a4 d5 13. exd5 Nxd5 14. Nxd5 Qxd5
15. c4 Qd8 16. a5 Re8 17. c5 Qe7 18. Nc3 Qe3+ 19. Qxe3 Rxe3 20. Rad1 Bd7 21. g4
Rae8 22. Kg2 Bh6 23. Rf3 R3e7 24. h4 Be3 25. Bb1 g5 26. hxg5 Bxg5 27. Ba2 Kg7
28. d5 Re5 29. Rh3 Re3 30. dxc6 Bxc6+ 31. Bd5 Rxh3 32. Kxh3 Re3+ 33. Kg2 Bf4 34.
a6 Re7 35. b4 Be5 36. Bxc6 bxc6 37. Ne4 Re8 38. Rd7 Rb8 39. Rb7 Rd8 40. Rxa7 Rd4
41. Kf3 Rxb4 42. Rb7 Ra4 43. a7 Bd4 44. Rd7 Ra3+ 45. Ke2 Bg1 46. Kd2 h5 47. gxh5
Kh6 48. Rxf7 Kxh5 49. Nxf6+ Kg5 50. Ne4+ Kf4 51. f6 Be3+ 52. Ke2 Kxe4 53. Re7+
Kd5 54. Rxe3 Rxa7 55. Re7 Ra8 56. Ke3 Ra1 57. Kf2 Ra2+ 58. Kg3 Ra1 59. Kg4 Kxc5
60. Re5+ Kd6 61. Rf5 Ra8 62. Kg5 Rg8+ 63. Kh6 c5 64. f7 Ra8 65. f8=Q+ Rxf8 66.
Rxf8 Ke5 67. Rc8 Kd4 68. Kg5 c4 69. Kf4 Kd3 70. Kf3 1-0

[Event "5th HD Bank Cup 2015"]
[Site "Ho Chi Minh City VIE"]
[Date "2015.03.21"]
[Round "7.4"]
[White "Dao, Thien Hai"]
[Black "Pascua, Haridas"]
[Result "1/2-1/2"]
[WhiteTitle "GM"]
[BlackTitle "IM"]
[WhiteElo "2482"]
[BlackElo "2423"]
[WhiteFideId "12400084"]
[BlackFideId "5203953"]
[EventDate "2015.03.17"]

1. d4 Nf6 2. c4 g6 3. Nc3 Bg7 4. e4 d6 5. h3 O-O 6. Nf3 e5 7. d5 a5 8. Be3 Na6
9. g4 Nd7 10. a3 Nac5 11. Nd2 a4 12. Qc2 Nb6 13. O-O-O Bd7 14. Be2 c6 15. h4
cxd5 16. cxd5 Rc8 17. Kb1 f5 18. gxf5 gxf5 19. Rdg1 Kh8 20. f3 f4 21. Bf2 1/2-1/2

[Event "5th HD Bank Cup 2015"]
[Site "Ho Chi Minh City VIE"]
[Date "2015.03.21"]
[Round "7.5"]
[White "Bersamina, Paulo"]
[Black "Gomez, John Paul"]
[Result "1/2-1/2"]
[WhiteTitle "IM"]
[BlackTitle "GM"]
[WhiteElo "2359"]
[BlackElo "2524"]
[WhiteFideId "5206995"]
[BlackFideId "5201381"]
[EventDate "2015.03.17"]

1. e4 e6 2. b3 d5 3. Bb2 dxe4 4. Nc3 Nf6 5. Qe2 Be7 6. Nxe4 O-O 7. Nf3 b6 8.
O-O-O Bb7 9. Nxf6+ Bxf6 10. Ne5 a5 11. a4 Nd7 12. d4 Nxe5 13. dxe5 Bg5+ 14. Kb1
Qe7 15. Qg4 f5 16. exf6 Bxf6 17. f3 Bxb2 18. Kxb2 Qf6+ 19. Kb1 Bd5 20. Bc4 Rad8 1/2-1/2

[Event "5th HD Bank Cup 2015"]
[Site "Ho Chi Minh City VIE"]
[Date "2015.03.21"]
[Round "7.6"]
[White "Nguyen, Duc Hoa"]
[Black "Nolte, Rolando"]
[Result "1-0"]
[WhiteTitle "GM"]
[BlackTitle "IM"]
[WhiteElo "2516"]
[BlackElo "2394"]
[WhiteFideId "12401358"]
[BlackFideId "5200636"]
[EventDate "2015.03.17"]

1. d4 Nf6 2. c4 e6 3. Nf3 b6 4. g3 Ba6 5. b3 Bb4+ 6. Bd2 Be7 7. Bg2 c6 8. O-O
O-O 9. Qc2 d5 10. Rd1 Nbd7 11. a4 c5 12. a5 Ne4 13. Be1 Qc7 14. cxd5 exd5 15.
Nc3 Nxc3 16. Bxc3 Bf6 17. Bb2 bxa5 18. dxc5 Bxb2 19. Qxb2 Nxc5 20. Nd4 g6 21.
Bxd5 Rad8 22. Bf3 Bb7 23. Bxb7 Nxb7 24. e3 Qb6 25. h4 h5 26. Rdc1 Rc8 27. Rc3
Nd6 28. Qc2 Kh7 29. Qd3 Rfd8 30. Rxc8 Rxc8 31. Nf3 Kg8 32. Ne5 Rc7 33. Rd1 Ne8
34. Nc4 Qb5 35. Qd8 Kh7 36. Nd6 Qxb3 37. Nxe8 1-0

[Event "5th HD Bank Cup 2015"]
[Site "Ho Chi Minh City VIE"]
[Date "2015.03.21"]
[Round "7.7"]
[White "Barbosa, Oliver"]
[Black "Karavade, Eesha"]
[Result "1-0"]
[WhiteTitle "GM"]
[BlackTitle "IM"]
[WhiteElo "2501"]
[BlackElo "2405"]
[WhiteFideId "5201640"]
[BlackFideId "5012600"]
[EventDate "2015.03.17"]

1. d4 Nf6 2. Bg5 Ne4 3. Bf4 d5 4. e3 c5 5. Bd3 Nf6 6. c3 Nc6 7. Nd2 e6 8. Ngf3
Bd6 9. Bg3 O-O 10. Qe2 b6 11. e4 Be7 12. Ne5 Bb7 13. Nxc6 Bxc6 14. e5 Ne8 15.
Nf3 Qd7 16. h4 h6 17. Bf4 f5 18. Rh3 Rf7 19. Rg3 Kf8 20. Rg6 Nc7 21. h5 Ke8 22.
g3 Kd8 23. a3 a5 24. Nd2 cxd4 25. cxd4 Bb5 26. Rc1 Bxd3 27. Qxd3 Kc8 28. Qb3 Kb7
29. Nb1 Nb5 30. Be3 a4 31. Qd1 Bf8 32. Nd2 Qe8 33. Nf3 Na7 34. Ng1 Nc6 35. Ne2
Nd8 36. Nf4 Be7 37. g4 Bg5 38. gxf5 Bxf4 39. Bxf4 Rxf5 40. Rxg7+ Ka6 41. Be3 Qb5
42. Rcc7 Nc6 43. Qe2 Qxe2+ 44. Kxe2 Kb5 45. Rg6 Re8 46. Rxh6 Na5 47. Rhh7 Nc4
48. Rcf7 Rxf7 49. Rxf7 Rh8 50. h6 Nxe3 51. Kxe3 Rxh6 52. Rf6 Rh3+ 53. f3 Rh2 54.
Rxe6 Rxb2 55. Rd6 Rb3+ 56. Kf4 Rd3 57. e6 1-0